[Event "Grand Swiss "]
[Date "2025.09.08"]
[White "Karthikeyan, Murali"]
[Black "Xu, Xiangyu"]
[WhiteElo "2669"]
[BlackElo "2615"]
[Round "4.4.55"]
[Result "1/2-1/2"]

1. e4 {[%clk 01:40:57] [%emt 00:00:03]} e5 {[%clk 01:40:53] [%emt 00:00:08]} 2.
Nf3 {[%clk 01:41:20] [%emt 00:00:06]} Nf6 {[%clk 01:41:18] [%emt 00:00:06]} 3.
Nxe5 {[%clk 01:41:44] [%emt 00:00:07]} d6 {[%clk 01:41:42] [%emt 00:00:05]} 4.
Nf3 {[%clk 01:42:07] [%emt 00:00:07]} Nxe4 {[%clk 01:42:05] [%emt 00:00:07]} 5.
d4 {[%clk 01:42:31] [%emt 00:00:06]} d5 {[%clk 01:42:27] [%emt 00:00:09]} 6. Bd3
{[%clk 01:42:54] [%emt 00:00:06]} Bf5 {[%clk 01:42:50] [%emt 00:00:07]} 7. O-O
{[%clk 01:43:13] [%emt 00:00:11]} Be7 {[%clk 01:43:15] [%emt 00:00:06]} 8. Re1
{[%clk 01:43:26] [%emt 00:00:17]} O-O {[%clk 01:43:19] [%emt 00:00:26]} 9. Nbd2
{[%clk 01:43:48] [%emt 00:00:08]} Nd6 {[%clk 01:43:32] [%emt 00:00:17]} 10. Nf1
{[%clk 01:44:10] [%emt 00:00:08]} Bg6 {[%clk 01:43:55] [%emt 00:00:07]} 11. Ne5
{[%clk 01:44:22] [%emt 00:00:18]} Bxd3 {[%clk 01:44:16] [%emt 00:00:09]} 12.
Nxd3 {[%clk 01:44:46] [%emt 00:00:05]} Nd7 {[%clk 01:41:54] [%emt 00:02:52]} 13.
Bf4 {[%clk 01:43:22] [%emt 00:01:54]} Re8 {[%clk 01:33:54] [%emt 00:08:30]} 14.
c3 {[%clk 01:43:31] [%emt 00:00:21]} a5 {[%clk 01:34:14] [%emt 00:00:10]} 15.
Qb3 {[%clk 01:37:58] [%emt 00:06:02]} Nf6 {[%clk 01:34:37] [%emt 00:00:08]} 16.
a4 {[%clk 01:37:56] [%emt 00:00:33]} c6 {[%clk 01:30:38] [%emt 00:04:29]} 17.
Re2 {[%clk 01:20:49] [%emt 00:17:36]} Bf8 {[%clk 01:26:07] [%emt 00:05:02]} 18.
Be5 {[%clk 01:17:35] [%emt 00:03:44]} Nd7 {[%clk 01:17:30] [%emt 00:09:07]} 19.
Rae1 {[%clk 01:15:51] [%emt 00:02:14]} b5 {[%clk 01:16:40] [%emt 00:01:20]} 20.
Bxd6 {[%clk 01:07:21] [%emt 00:08:59]} Rxe2 {[%clk 01:17:04] [%emt 00:00:06]}
21. Rxe2 {[%clk 01:07:47] [%emt 00:00:05]} Bxd6 {[%clk 01:17:28] [%emt
00:00:05]} 22. axb5 {[%clk 01:08:05] [%emt 00:00:12]} Qb8 {[%clk 01:10:46] [%emt
00:07:12]} 23. g3 {[%clk 01:01:49] [%emt 00:06:46]} Qxb5 {[%clk 01:00:26] [%emt
00:10:50]} 24. Qxb5 {[%clk 00:50:02] [%emt 00:12:16]} cxb5 {[%clk 01:00:51]
[%emt 00:00:05]} 25. Ne3 {[%clk 00:50:28] [%emt 00:00:04]} Re8 {[%clk 01:00:37]
[%emt 00:00:44]} 26. Kf1 {[%clk 00:47:40] [%emt 00:03:18]} Nb6 {[%clk 01:00:58]
[%emt 00:00:09]} 27. Nf5 {[%clk 00:44:46] [%emt 00:03:24]} Rxe2 {[%clk 01:01:21]
[%emt 00:00:07]} 28. Kxe2 {[%clk 00:45:11] [%emt 00:00:05]} Bf8 {[%clk 01:01:47]
[%emt 00:00:04]} 29. Kd1 {[%clk 00:41:12] [%emt 00:04:30]} g6 {[%clk 00:47:31]
[%emt 00:14:45]} 30. Ne3 {[%clk 00:41:01] [%emt 00:00:40]} Bd6 {[%clk 00:47:24]
[%emt 00:00:37]} 31. Nc5 {[%clk 00:34:27] [%emt 00:07:04]} Be7 {[%clk 00:28:01]
[%emt 00:19:53]} 32. Na6 {[%clk 00:21:53] [%emt 00:13:05]} Bd6 {[%clk 00:28:17]
[%emt 00:00:14]} 33. Nc5 {[%clk 00:22:16] [%emt 00:00:07]} Be7 {[%clk 00:28:44]
[%emt 00:00:03]} 34. Kc1 {[%clk 00:09:14] [%emt 00:13:32]} Kf8 {[%clk 00:26:04]
[%emt 00:03:10]} 35. Nc2 {[%clk 00:08:45] [%emt 00:00:59]} Na8 {[%clk 00:14:21]
[%emt 00:12:14]} 36. Nd7+ {[%clk 00:03:17] [%emt 00:05:58]} Ke8 {[%clk 00:14:46]
[%emt 00:00:05]} 37. Ne5 {[%clk 00:03:41] [%emt 00:00:06]} Bd6 {[%clk 00:11:40]
[%emt 00:03:36]} 38. Nc6 {[%clk 00:03:45] [%emt 00:00:25]} a4 {[%clk 00:12:06]
[%emt 00:00:05]} 39. Na7 {[%clk 00:01:43] [%emt 00:02:32]} Nc7 {[%clk 00:12:31]
[%emt 00:00:04]} 40. Kb1 {[%clk 00:01:52] [%emt 00:00:21]} g5 {[%clk 00:01:37]
[%emt 00:11:24]} 41. Ka2 {[%clk 00:47:14] [%emt 00:05:08]} Kd7 {[%clk 00:51:19]
[%emt 00:00:48]} 42. b3 {[%emt 00:09:21]} axb3+ {[%clk 00:49:29] [%emt
00:00:17]} 43. Kxb3 {[%clk 00:40:55] [%emt 00:00:01]} g4 {[%clk 00:49:51] [%emt
00:00:08]} 44. Na3 {[%emt 00:06:43]} Bxa3 {[%clk 00:46:00] [%emt 00:00:15]} 45.
Kxa3 {[%emt 00:00:08]} Ne6 {[%emt 00:01:49]} 46. Kb4 {[%clk 00:38:02] [%emt
00:00:05]} Ng5 {[%emt 00:01:23]} 47. Nxb5 {[%emt 00:00:38]} Ne4 {[%emt
00:01:00]} 48. c4 {[%emt 00:08:21]} dxc4 {[%emt 00:00:22]} 49. Kxc4 {[%emt
00:00:06]} Nxf2 {[%emt 00:03:59]} 50. Kd5 {[%emt 00:19:47]} Nd1 {[%emt
00:03:22]} 51. Ke4 {[%emt 00:01:59]} Kc6 {[%emt 00:00:10]} 52. Na3 {[%emt
00:00:07]} Nf2+ {[%emt 00:05:35]} 53. Ke3 {[%emt 00:01:09]} Nh3 {[%emt
00:08:18]} 54. Nc2 {[%emt 00:03:52]} f5 {[%emt 00:01:49]} 55. Nb4+ {[%clk
00:16:24] [%emt 00:00:03]} Kd6 {[%emt 00:00:09]} 56. Nd3 {[%emt 00:00:18]} Ng5
{[%emt 00:01:58]} 57. Nf4 {[%emt 00:01:14]} Ke7 {[%emt 00:02:12]} 1/2-1/2

[Site "Europe Echecs"]

[Event "Grand Swiss "]
[Date "2025.09.08"]
[White "Ivic, Velimir"]
[Black "Abdisalimov, Abdimalik"]
[WhiteElo "2630"]
[BlackElo "2488"]
[Round "4.4.56"]
[Result "1-0"]

1. e4 {[%clk 01:40:51] [%emt 00:00:08]} c5 {[%clk 01:40:32] [%emt 00:00:29]} 2.
Nf3 {[%clk 01:41:12] [%emt 00:00:08]} d6 {[%clk 01:40:57] [%emt 00:00:06]} 3. d4
{[%clk 01:41:25] [%emt 00:00:16]} cxd4 {[%clk 01:41:22] [%emt 00:00:05]} 4. Nxd4
{[%clk 01:41:50] [%emt 00:00:04]} Nf6 {[%clk 01:41:47] [%emt 00:00:05]} 5. Nc3
{[%clk 01:42:15] [%emt 00:00:05]} a6 {[%clk 01:42:14] [%emt 00:00:04]} 6. h3
{[%clk 01:42:32] [%emt 00:00:13]} e6 {[%clk 01:41:58] [%emt 00:00:46]} 7. g4
{[%clk 01:41:16] [%emt 00:01:45]} h6 {[%clk 01:42:24] [%emt 00:00:05]} 8. a3
{[%clk 01:40:48] [%emt 00:00:58]} Nc6 {[%clk 01:28:29] [%emt 00:14:25]} 9. Be3
{[%clk 01:39:50] [%emt 00:01:27]} Nxd4 {[%clk 01:23:05] [%emt 00:05:55]} 10.
Qxd4 {[%clk 01:39:45] [%emt 00:00:36]} e5 {[%clk 01:01:31] [%emt 00:22:04]} 11.
Qd2 {[%clk 01:38:22] [%emt 00:01:52]} Be7 {[%clk 00:59:28] [%emt 00:02:34]} 12.
O-O-O {[%clk 01:36:51] [%emt 00:02:01]} b5 {[%clk 00:58:24] [%emt 00:01:34]} 13.
f4 {[%clk 01:32:16] [%emt 00:05:04]} Bb7 {[%clk 00:56:22] [%emt 00:02:32]} 14.
Bd3 {[%clk 01:29:13] [%emt 00:03:33]} O-O {[%clk 00:46:38] [%emt 00:10:14]} 15.
Rhg1 {[%clk 01:19:55] [%emt 00:09:48]} Nh7 {[%clk 00:40:38] [%emt 00:06:29]} 16.
Nd5 {[%clk 01:11:16] [%emt 00:09:10]} exf4 {[%clk 00:39:03] [%emt 00:02:06]} 17.
Bxf4 {[%clk 01:05:28] [%emt 00:06:18]} Ng5 {[%clk 00:38:13] [%emt 00:01:19]} 18.
Qg2 {[%clk 00:57:27] [%emt 00:08:31]} Ne6 {[%clk 00:37:57] [%emt 00:00:46]} 19.
Bh2 {[%clk 00:57:23] [%emt 00:00:34]} Bxd5 {[%clk 00:27:10] [%emt 00:11:17]} 20.
exd5 {[%clk 00:56:31] [%emt 00:01:21]} Nc5 {[%clk 00:27:36] [%emt 00:00:04]} 21.
Kb1 {[%clk 00:55:12] [%emt 00:01:49]} Rb8 {[%clk 00:27:10] [%emt 00:00:57]} 22.
g5 {[%clk 00:26:55] [%emt 00:28:47]} hxg5 {[%clk 00:25:36] [%emt 00:02:05]} 23.
h4 {[%clk 00:16:47] [%emt 00:10:37]} b4 {[%clk 00:25:26] [%emt 00:00:40]} 24. a4
{[%clk 00:16:13] [%emt 00:01:04]} b3 {[%clk 00:22:57] [%emt 00:03:00]} 25. hxg5
{[%clk 00:14:41] [%emt 00:02:02]} Qa5 {[%clk 00:15:49] [%emt 00:07:38]} 26. Rh1
{[%clk 00:11:19] [%emt 00:03:51]} Nxd3 {[%clk 00:05:18] [%emt 00:11:02]} 27.
Rxd3 {[%clk 00:11:13] [%emt 00:00:36]} bxc2+ {[%clk 00:05:37] [%emt 00:00:11]}
28. Qxc2 {[%clk 00:11:31] [%emt 00:00:12]} Rfc8 {[%clk 00:05:36] [%emt
00:00:31]} 29. Qe2 {[%clk 00:08:40] [%emt 00:03:21]} Rb4 {[%clk 00:04:39] [%emt
00:01:27]} 30. Bxd6 {[%clk 00:06:02] [%emt 00:03:08]} Rxa4 {[%clk 00:04:14]
[%emt 00:00:55]} 31. Ba3 {[%clk 00:06:25] [%emt 00:00:07]} Rxa3 {[%clk 00:03:24]
[%emt 00:01:20]} 32. Rxa3 {[%clk 00:06:44] [%emt 00:00:11]} Bxa3 {[%clk
00:03:30] [%emt 00:00:24]} 33. Qh2 {[%clk 00:05:23] [%emt 00:01:50]} f6 {[%clk
00:01:38] [%emt 00:02:23]} 34. Qh8+ {[%clk 00:04:20] [%emt 00:01:32]} Kf7 {[%clk
00:02:01] [%emt 00:00:08]} 35. g6+ {[%clk 00:04:37] [%emt 00:00:14]} Ke7 {[%clk
00:01:00] [%emt 00:01:30]} 36. Qxc8 {[%clk 00:04:33] [%emt 00:00:34]} 1-0

[Site "Europe Echecs"]

[Event "Grand Swiss "]
[Date "2025.09.08"]
[White "Amin, Bassem"]
[Black "Divya Deshmukh"]
[WhiteElo "2636"]
[BlackElo "2478"]
[Round "4.4.57"]
[Result "0-1"]

1. e4 {[%clk 01:40:50] [%emt 00:00:09]} c5 {[%clk 01:40:55] [%emt 00:00:06]} 2.
Nf3 {[%clk 01:41:06] [%emt 00:00:14]} Nc6 {[%clk 01:41:17] [%emt 00:00:08]} 3.
Bb5 {[%clk 01:40:10] [%emt 00:01:25]} e5 {[%clk 01:41:37] [%emt 00:00:11]} 4. c3
{[%clk 01:35:59] [%emt 00:04:42]} a6 {[%clk 01:41:22] [%emt 00:00:45]} 5. Ba4
{[%clk 01:30:08] [%emt 00:06:20]} b5 {[%clk 01:41:23] [%emt 00:00:29]} 6. Bc2
{[%clk 01:30:30] [%emt 00:00:08]} Nf6 {[%clk 01:41:31] [%emt 00:00:23]} 7. O-O
{[%clk 01:30:44] [%emt 00:00:15]} Be7 {[%clk 01:33:30] [%emt 00:08:30]} 8. d4
{[%clk 01:28:36] [%emt 00:02:38]} d6 {[%clk 01:30:53] [%emt 00:03:07]} 9. d5
{[%clk 01:27:41] [%emt 00:01:25]} Na5 {[%clk 01:29:51] [%emt 00:01:33]} 10. b3
{[%clk 01:23:01] [%emt 00:05:10]} O-O {[%clk 01:24:20] [%emt 00:06:01]} 11. h3
{[%clk 01:04:08] [%emt 00:19:22]} Bd7 {[%clk 01:13:49] [%emt 00:11:00]} 12. Be3
{[%clk 00:57:29] [%emt 00:07:09]} Ne8 {[%clk 01:00:00] [%emt 00:14:19]} 13. Nbd2
{[%clk 00:57:18] [%emt 00:00:40]} Nb7 {[%clk 00:59:06] [%emt 00:01:25]} 14. b4
{[%clk 00:42:10] [%emt 00:15:38]} cxb4 {[%clk 00:47:20] [%emt 00:12:15]} 15.
cxb4 {[%clk 00:42:34] [%emt 00:00:07]} g6 {[%clk 00:46:59] [%emt 00:00:51]} 16.
a4 {[%clk 00:31:58] [%emt 00:11:06]} f5 {[%clk 00:45:36] [%emt 00:01:53]} 17.
exf5 {[%clk 00:32:19] [%emt 00:00:09]} gxf5 {[%clk 00:44:02] [%emt 00:02:04]}
18. a5 {[%clk 00:32:27] [%emt 00:00:22]} Bf6 {[%clk 00:40:03] [%emt 00:04:29]}
19. Ra3 {[%clk 00:32:09] [%emt 00:00:48]} Kh8 {[%clk 00:33:36] [%emt 00:06:57]}
20. Re1 {[%clk 00:32:12] [%emt 00:00:27]} Ng7 {[%clk 00:30:33] [%emt 00:03:33]}
21. Nf1 {[%clk 00:28:14] [%emt 00:04:28]} Rc8 {[%clk 00:29:22] [%emt 00:01:41]}
22. Ng3 {[%clk 00:23:53] [%emt 00:04:51]} Qe8 {[%clk 00:25:37] [%emt 00:04:14]}
23. Bh6 {[%clk 00:19:02] [%emt 00:05:21]} Qf7 {[%clk 00:17:10] [%emt 00:08:58]}
24. Ng5 {[%clk 00:17:29] [%emt 00:02:03]} Bxg5 {[%clk 00:11:02] [%emt 00:06:39]}
25. Bxg5 {[%clk 00:17:57] [%emt 00:00:02]} f4 {[%clk 00:09:23] [%emt 00:02:09]}
26. Ne4 {[%clk 00:17:00] [%emt 00:01:27]} Bf5 {[%clk 00:09:03] [%emt 00:00:49]}
27. Bf6 {[%clk 00:12:31] [%emt 00:04:59]} Qg6 {[%clk 00:07:37] [%emt 00:01:56]}
28. Bxg7+ {[%clk 00:12:59] [%emt 00:00:03]} Qxg7 {[%clk 00:07:44] [%emt
00:00:22]} 29. g4 {[%clk 00:11:45] [%emt 00:01:44]} Rc4 {[%clk 00:03:07] [%emt
00:05:07]} 30. Kh2 {[%clk 00:10:28] [%emt 00:01:46]} Bg6 {[%clk 00:03:09] [%emt
00:00:28]} 31. Rc3 {[%clk 00:09:43] [%emt 00:01:14]} Rxb4 {[%clk 00:01:51] [%emt
00:01:50]} 32. Rc6 {[%clk 00:09:45] [%emt 00:00:28]} f3 {[%clk 00:01:13] [%emt
00:01:08]} 33. Ng3 {[%clk 00:08:54] [%emt 00:01:20]} Rxg4 {[%clk 00:01:12] [%emt
00:00:32]} 34. hxg4 {[%clk 00:02:34] [%emt 00:06:51]} Qh6+ {[%clk 00:01:41]} 35.
Nh5 {[%clk 00:03:03] [%emt 00:00:01]} Bxh5 {[%clk 00:01:59] [%emt 00:00:13]} 36.
Qc1 {[%clk 00:03:32]} Rf4 {[%clk 00:00:55] [%emt 00:01:34]} 37. Rc8+ {[%clk
00:02:22] [%emt 00:01:40]} Kg7 {[%clk 00:01:23] [%emt 00:00:02]} 38. Rc7+ {[%clk
00:01:29] [%emt 00:01:24]} Bf7+ {[%clk 00:01:37] [%emt 00:00:16]} 39. Kg3 {[%clk
00:01:58]} Qg5 {[%clk 00:01:03] [%emt 00:01:04]} 40. Bf5 {[%clk 00:02:21] [%emt
00:00:06]} Nc5 {[%clk 00:00:57] [%emt 00:00:37]} 41. Rxc5 {[%clk 00:44:23] [%emt
00:08:28]} dxc5 {[%clk 00:45:16] [%emt 00:06:10]} 42. d6 {[%clk 00:44:17] [%emt
00:00:36]} Bh5 {[%emt 00:04:51]} 43. Rg1 {[%emt 00:05:02]} Bxg4 {[%emt
00:00:24]} 44. Bxg4 {[%clk 00:38:35] [%emt 00:00:13]} Rxg4+ {[%clk 00:42:55]
[%emt 00:00:03]} 45. Kxf3 {[%clk 00:38:57] [%emt 00:00:08]} Rxg1 {[%clk
00:43:14] [%emt 00:00:10]} 46. Qxg5+ {[%clk 00:39:20] [%emt 00:00:07]} Rxg5
{[%clk 00:43:42] [%emt 00:00:02]} 47. d7 {[%clk 00:39:46] [%emt 00:00:05]} Rf5+
{[%clk 00:44:04] [%emt 00:00:08]} 0-1

[Site "Europe Echecs"]

[Event "Grand Swiss "]
[Date "2025.09.08"]
[White "Olisa, Tennyson Ewomazino"]
[Black "Sjugirov, Sanan"]
[WhiteElo "2287"]
[BlackElo "2627"]
[Round "4.4.58"]
[Result "0-1"]

1. c4 {[%clk 01:40:42] [%emt 00:00:17]} e5 {[%clk 01:29:39] [%emt 00:11:22]} 2.
Nc3 {[%clk 01:39:41] [%emt 00:01:31]} Nf6 {[%clk 01:28:57] [%emt 00:01:12]} 3.
Nf3 {[%clk 01:38:50] [%emt 00:01:22]} Nc6 {[%clk 01:27:41] [%emt 00:01:45]} 4.
e3 {[%clk 01:37:33] [%emt 00:01:47]} Bb4 {[%clk 01:27:12] [%emt 00:00:58]} 5.
Qc2 {[%clk 01:37:50] [%emt 00:00:14]} Bxc3 {[%clk 01:22:43] [%emt 00:04:59]} 6.
Qxc3 {[%clk 01:38:16] [%emt 00:00:04]} Qe7 {[%clk 01:23:05] [%emt 00:00:08]} 7.
d3 {[%clk 01:35:45] [%emt 00:03:00]} d5 {[%clk 01:22:54] [%emt 00:00:42]} 8.
cxd5 {[%clk 01:35:00] [%emt 00:01:15]} Nxd5 {[%clk 01:23:19] [%emt 00:00:05]} 9.
Qc2 {[%clk 01:35:24] [%emt 00:00:07]} Ndb4 {[%clk 01:17:41] [%emt 00:06:08]} 10.
Qc3 {[%clk 01:34:21] [%emt 00:01:34]} Nd4 {[%clk 01:15:08] [%emt 00:03:02]} 11.
Nxd4 {[%clk 01:29:24] [%emt 00:05:26]} exd4 {[%clk 01:15:32] [%emt 00:00:06]}
12. Qd2 {[%clk 01:29:41] [%emt 00:00:14]} Qc5 {[%clk 01:09:51] [%emt 00:06:10]}
13. Rb1 {[%clk 01:25:24] [%emt 00:04:47]} Be6 {[%clk 00:42:08] [%emt 00:28:13]}
14. b3 {[%clk 01:24:06] [%emt 00:01:48]} Bg4 {[%clk 00:27:48] [%emt 00:14:50]}
15. Rb2 {[%clk 01:21:15] [%emt 00:03:21]} O-O-O {[%clk 00:24:44] [%emt
00:03:33]} 16. e4 {[%clk 01:16:57] [%emt 00:04:49]} Rd6 {[%clk 00:25:10] [%emt
00:00:04]} 17. f3 {[%clk 01:11:12] [%emt 00:06:14]} Rc6 {[%clk 00:24:26] [%emt
00:01:15]} 18. Rb1 {[%clk 01:08:21] [%emt 00:03:21]} Be6 {[%clk 00:23:51] [%emt
00:01:05]} 19. Be2 {[%clk 01:02:30] [%emt 00:06:20]} Qa5 {[%clk 00:21:53] [%emt
00:02:28]} 20. a3 {[%clk 00:58:37] [%emt 00:04:24]} Nc2+ {[%clk 00:22:13] [%emt
00:00:09]} 21. Kf2 {[%clk 00:58:58] [%emt 00:00:09]} Qxd2 {[%clk 00:22:37] [%emt
00:00:07]} 22. Bxd2 {[%clk 00:59:26] [%emt 00:00:01]} Nxa3 {[%clk 00:22:59]
[%emt 00:00:08]} 23. Rb2 {[%clk 00:58:53] [%emt 00:01:04]} Nb5 {[%clk 00:22:00]
[%emt 00:01:29]} 24. f4 {[%clk 00:57:18] [%emt 00:02:04]} f6 {[%clk 00:21:55]
[%emt 00:00:34]} 25. Bf3 {[%clk 00:57:07] [%emt 00:00:41]} Rd8 {[%clk 00:19:52]
[%emt 00:02:33]} 26. g4 {[%clk 00:51:12] [%emt 00:06:25]} Rc3 {[%clk 00:19:33]
[%emt 00:00:49]} 27. Be2 {[%clk 00:49:19] [%emt 00:02:23]} b6 {[%clk 00:16:07]
[%emt 00:03:56]} 28. f5 {[%clk 00:36:35] [%emt 00:13:14]} Bf7 {[%clk 00:16:29]
[%emt 00:00:07]} 29. Rg1 {[%clk 00:35:54] [%emt 00:01:11]} a5 {[%clk 00:16:36]
[%emt 00:00:24]} 30. Rgb1 {[%clk 00:25:45] [%emt 00:10:38]} h6 {[%clk 00:13:28]
[%emt 00:03:38]} 31. h4 {[%clk 00:21:12] [%emt 00:05:03]} Kd7 {[%clk 00:13:53]
[%emt 00:00:05]} 32. Bd1 {[%clk 00:14:38] [%emt 00:07:04]} c5 {[%clk 00:12:08]
[%emt 00:02:14]} 33. Ke2 {[%clk 00:09:50] [%emt 00:05:18]} Re8 {[%clk 00:04:21]
[%emt 00:08:17]} 34. b4 {[%clk 00:02:17] [%emt 00:08:04]} axb4 {[%clk 00:02:56]
[%emt 00:01:55]} 35. Ba4 {[%clk 00:02:44] [%emt 00:00:02]} Kc6 {[%clk 00:03:16]
[%emt 00:00:10]} 36. Bxc3 {[%clk 00:02:45] [%emt 00:00:30]} dxc3 {[%clk
00:03:41] [%emt 00:00:05]} 37. Rxb4 {[%clk 00:03:08] [%emt 00:00:07]} cxb4
{[%clk 00:04:06] [%emt 00:00:05]} 38. Rxb4 {[%clk 00:03:29] [%emt 00:00:09]} Ra8
{[%clk 00:00:36] [%emt 00:03:59]} 39. d4 {[%clk 00:01:39] [%emt 00:02:20]} Ra5
{[%clk 00:00:59] [%emt 00:00:07]} 40. Kd3 {[%clk 00:01:45] [%emt 00:00:24]} Be8
{[%clk 00:01:11] [%emt 00:00:18]} 41. g5 {[%emt 00:05:08]} hxg5 {[%clk 00:47:49]
[%emt 00:03:27]} 42. hxg5 {[%clk 00:47:55] [%emt 00:00:07]} fxg5 {[%clk
00:48:14] [%emt 00:00:05]} 43. e5 {[%clk 00:45:53] [%emt 00:02:32]} g4 {[%clk
00:45:37] [%emt 00:03:07]} 44. Rc4+ {[%clk 00:38:57] [%emt 00:07:26]} Kb7 {[%clk
00:44:43] [%emt 00:01:24]} 45. d5 {[%clk 00:38:59] [%emt 00:00:28]} Na3 {[%clk
00:35:38] [%emt 00:09:35]} 46. Rxg4 {[%clk 00:33:53] [%emt 00:05:36]} Bxa4
{[%clk 00:35:23] [%emt 00:00:44]} 47. Rxg7+ {[%clk 00:34:21] [%emt 00:00:02]}
Ka6 {[%clk 00:35:47] [%emt 00:00:06]} 48. Kxc3 {[%clk 00:32:19] [%emt 00:02:33]}
Rxd5 {[%clk 00:35:57] [%emt 00:00:20]} 49. Kb4 {[%clk 00:31:43] [%emt 00:01:06]}
Nc2+ {[%clk 00:34:39] [%emt 00:01:48]} 50. Kxa4 {[%clk 00:32:06] [%emt
00:00:08]} Rd3 {[%clk 00:34:51] [%emt 00:00:17]} 0-1

[Site "Europe Echecs"]